Une souris verte - Paroles - Statistiques

Statistiques générales
  • Ce quiz a été pris 319 fois
    69 depuis la dernière actualisation
  • Le résultat moyen est 71 sur 80
Statistiques - réponses
Paroles % Correct
un
100%
un
100%
dans
98%
dans
98%
dans
98%
dans
98%
dans
98%
dans
98%
herbe,
98%
Je
98%
Je
98%
Je
98%
Je
98%
Je
98%
l'
98%
l'
98%
l'
98%
l'
98%
Qu'
98%
Qu'
98%
souris
98%
Une
98%
verte
98%
à
97%
ces
97%
Ces
97%
courait
97%
disent :
97%
la
97%
la
97%
la
97%
la
97%
la
97%
la
97%
la
97%
me
97%
me
97%
me
97%
me
97%
Qui
97%
attrape
95%
eau,
95%
huile,
95%
mon
95%
par
95%
queue,
95%
messieurs,
94%
messieurs
94%
montre
94%
chaud !
91%
chaud.
91%
Tout
91%
escargot
89%
Trempez
89%
Trempez
89%
Ça
85%
fera
85%
mets
82%
mets
82%
mets
82%
Elle
74%
Elle
74%
Elle
74%
fait
74%
fait
74%
fait
74%
dit
72%
dit
72%
il
72%
il
72%
trop
72%
trop
72%
ma
71%
culotte,
68%
noir,
68%
tiroir,
66%
chapeau,
65%
trois
65%
Crottes.
63%
petites
63%
Aucun quiz correspondant
Distribution des résultats
% des personnes avec chaque résultat
Percentile par nombre de réponses
Votre historique - résultats
Vous n’avez pas pris ce quiz depuis la dernière actualisation